000 00662nam a2200217 a 4500
999 _c2558
_d2558
001 2558
003 BD-JhCC
005 20171104183147.0
008 171104s19561965bg |||| ||a| 000 0 ben d
035 _a(BD-JhCC)2558
040 _aBD-JhCC
_dBD-JhCC
041 _aben
082 _a415
_bMOH 1965
100 _aমুহম্মদ, নূর
245 _aনয়া বাংলা ব্যাকরণ /
_cনূর মুহম্মদ,
260 _aঢাকা :
_bআদিল ব্রাদার্স এ্যান্ড কোং,
_c1965
300 _a182 p. :
_c18 cm.
650 _aBengali Grammar
942 _2ddc
_cBK